00796nam a22002297a 450000500170000001000150001702000290003203500130006103700130007408200150008724501080010226000450021027001130025530000420036849000280041050500330043865000280047165000110049970000160051070000180052670000220054420100818121545.0 aENG-100758 a818177034X (V.3)c608.00 aEN-84291 bDBAD/PUB a581.954163 aMaterials for the flora of Arunachal Pradesh /cedited by G. S. Giri, A. Pramanik [and] H. J. Chowdhery aKolkatabBotanical Survey of Indiac2008 aCGO Complex, 3rd MSO Building, Block-F, 5th & 6th Floor, DF-Block, Sector-1, Salt Lake CitybKolkatae700064 aV.3 (349p.):bill.c24cm (Hb)ephotos aFlora of India series-2 aV.3 Hydrocharitaceae-poaceae aIndiazHimachal Pradesh aPlants aGiri, G. S. aPramanik, A.  aChowdhery, H. J.